Concursantes OT 2023 - Estadísticas

Estadísticas generales
  • Esta prueba ha sido intentada 986 veces
  • La puntuación promedio es 16 de 16
Estadísticas de respuestas
Respuesta % Correcto
Bea Fernández
98%
Chiara Oliver
98%
Juanjo Bona
98%
Lucas Curotto
98%
Martin Urrutia
98%
Naiara Moreno
98%
Ruslana Panchyshyna
98%
Violeta Hódar
98%
Denna Ruiz
97%
Omar Samba
97%
Paul Thin
97%
Álex Márquez
96%
Salma Díaz
96%
Suzete Correia
96%
Álvaro Mayo
95%
Cris Bartolomé
95%
No se encontraron pruebas coincidentes
Distribución de puntuación
Porcentaje de gente con cada puntuación
Porcentaje por número respondido
Historial de tus puntuaciones
No has intentado esta prueba.